Catálogo
 En Linea

The caribbean : (Registro nro. 31284)

Detalles MARC
000 -CABECERA
campo de control de longitud fija 00494nam a2200157 a 4500
001 - NÚMERO DE CONTROL
campo de control 000031792
005 - FECHA Y HORA DE LA ÚLTIMA TRANSACCIÓN
campo de control 20200930063202.0
008 - DATOS DE LONGITUD FIJA--INFORMACIÓN GENERAL
campo de control de longitud fija 110706s1940 xxuab 000 0 spa d
040 ## - FUENTE DE LA CATALOGACIÓN
Centro catalogador/agencia de origen DO-SdBNP
Lengua de catalogación spa
Centro/agencia transcriptor BNPHU
082 ## - NÚMERO DE LA CLASIFICACIÓN DECIMAL DEWEY
Número de clasificación xxx
Número de documento/Ítem R541
049 ## - FONDOS LOCALES (OCLC)
Fondos de biblioteca BNPD
100 1# - ENTRADA PRINCIPAL--NOMBRE DE PERSONA
Nombre de persona Roberts, W. Adolphe
9 (RLIN) 58012
245 10 - MENCIÓN DE TÍTULO
Título The caribbean :
Resto del título the story of our sea of destiny /
Mención de responsabilidad, etc. W. Adolphe Roberts.
260 ## - PUBLICACIÓN, DISTRIBUCIÓN, ETC.
Lugar de publicación, distribución, etc. New York :
Nombre del editor, distribuidor, etc. Indianapolis :
-- The Bobbs- Merrill,
Fecha de publicación, distribución, etc. 1940.
300 ## - DESCRIPCIÓN FÍSICA
Extensión 361 p. . :
Otras características físicas il., maps. ;
Dimensiones 24 cm.
Existencias
Estado de retiro Estado de pérdida Restricciones de uso No para préstamo Código de colección Localización permanente Ubicación/localización actual Ubicación en estantería Fecha de adquisición Número de inventario Total de préstamos Signatura topográfica completa Código de barras Fecha visto por última vez Precio válido a partir de Tipo de ítem Koha Nota pública
      Excluido de préstamo Raros y valiosos Patrimonio Dominicano Patrimonio Dominicano En catalogación 06.07.2011 LF1   xxx R541 31792-10 25.06.2020 25.06.2020 No se presta Perteneció a la colección Julio Ortega Frier

Con tecnología Koha